| 000 | 007160000a22002170004500 | ||
|---|---|---|---|
| 001 | 4348 | ||
| 100 | _a20000927d1988 k y0pory5003 ba | ||
| 101 | 1 |
_apor _cger |
|
| 102 | _aPT | ||
| 200 | 1 |
_aO valente soldado Chveik _fJaroslav Hasek _gtrad. Alexandre Cabral |
|
| 205 | _a2ª ed | ||
| 210 |
_aMem Martins _cEuropa-América _dD.L. 1988 |
||
| 215 | _a192 p | ||
| 225 | 2 |
_aLivros de bolso Europa-América _v8 |
|
| 300 | _aTít. orig. : Die abenteuer des braven soldaten Shveik | ||
| 675 |
_a821.162.3-31"18/19" _vBN _zpor |
||
| 700 | 1 |
_923976 _aHasek _bJaroslav |
|
| 702 | 1 |
_911711 _4730 _aCabral _bAlexandre _cpseud. |
|
| 090 | _a4348 | ||
| 942 |
_cMON _n0 |
||
| 999 | _a4348 | ||